[Event "Ceriano Laghetto op-B 24th"]
[Site "Ceriano Laghetto"]
[Date "2015.03.07"]
[Round "2"]
[White "Milanesi, Erminio"]
[Black "Canali, Marco"]
[Result "1/2-1/2"]
[WhiteElo "1776"]
[BlackElo "1819"]
[PlyCount "36"]
[EventDate "2015.03.06"]
[EventType "swiss"]
[EventRounds "5"]
[EventCountry "ITA"]
[SourceTitle "EXT 2017"]
[Source "ChessBase"]
[SourceDate "2016.10.25"]
[SourceVersion "1"]
[SourceVersionDate "2016.10.25"]
[SourceQuality "1"]

1. g3 e5 2. Nh3 Nc6 3. f3 d6 4. Nf2 g6 5. Bg2 Bg7 6. c3 h5 7. e4 h4 8. g4 Bh6 9. d3 Bxc1 10. Qxc1 g5 11. h3 Qf6 12. Na3 a6 13. Nc2 Nge7 14. Qe3 Ng6 15. Rd1 Nf4 16. 0-0 Ne7 17. d4 Neg6 18. d5 Bd7 1/2-1/2

[Event "Crema op 10th"]
[Site "Crema"]
[Date "2008.09.05"]
[Round "1"]
[White "Milanesi, Erminio"]
[Black "Giassi, Roberto"]
[Result "1-0"]
[WhiteElo "1879"]
[BlackElo "1461"]
[PlyCount "63"]
[EventDate "2008.09.05"]
[EventType "swiss"]
[EventRounds "6"]
[EventCountry "ITA"]
[SourceTitle "EXT 2011"]
[Source "ChessBase"]
[SourceDate "2010.11.26"]
[SourceVersion "1"]
[SourceVersionDate "2010.11.26"]
[SourceQuality "1"]

1. e4 c5 2. d3 Nc6 3. g3 Nf6 4. Nh3 d6 5. f3 e5 6. Nf2 Be6 7. Bg2 Be7 8. 0-0 Qc7 9. Be3 0-0 10. f4 Rad8 11. f5 Bc8 12. c4 Nd4 13. Nc3 Bd7 14. g4 b5 15. g5 Ne8 16. Nd5 Qb7 17. Nxe7+ Kh8 18. Nd5 bxc4 19. dxc4 Bc6 20. b3 Nc7 21. Nxc7 Qxc7 22. Bxd4 cxd4 23. Qh5 d5 24. exd5 Bd7 25. Ne4 Qc8 26. f6 Bg4 27. fxg7+ Kxg7 28. Qh6+ Kh8 29. Nf6 Bf5 30. Nh5 Rg8 31. Qf6+ Rg7 32. Qxg7# 1-0

[Event "Gorgonzola op-B 12th"]
[Site "Gorgonzola"]
[Date "2007.11.11"]
[Round "2"]
[White "Milanesi, Erminio"]
[Black "Carbone, Lorenzo"]
[Result "1-0"]
[WhiteElo "1867"]
[BlackElo "1755"]
[PlyCount "91"]
[EventDate "2007.11.10"]
[EventType "swiss"]
[EventRounds "6"]
[EventCountry "ITA"]
[SourceTitle "EXT 2010"]
[Source "ChessBase"]
[SourceDate "2010.11.25"]
[SourceVersion "1"]
[SourceVersionDate "2010.11.25"]
[SourceQuality "1"]

1. e4 c5 2. d3 Nc6 3. g3 e6 4. f4 d6 5. Bg2 Nf6 6. Nc3 Be7 7. Nh3 Rb8 8. 0-0 Nd4 9. Ne2 Nxe2+ 10. Qxe2 a6 11. g4 g6 12. b3 Rg8 13. Bb2 b5 14. c4 e5 15. fxe5 Nxg4 16. Qf3 Be6 17. Nf4 Nh6 18. Nxe6 fxe6 19. Qh3 Bg5 20. Qxe6+ Qe7 21. Qxe7+ Kxe7 22. exd6+ Kxd6 23. e5+ Ke7 24. Bc1 Bxc1 25. Raxc1 Nf5 26. Rce1 Rbd8 27. Bd5 Rgf8 28. Rf4 Nd4 29. Rxf8 Rxf8 30. Kg2 Ne6 31. Bxe6 Kxe6 32. cxb5 axb5 33. Rc1 Kd5 34. e6 Re8 35. Re1 Rxe6 36. Rxe6 Kxe6 37. a4 bxa4 38. bxa4 Kd6 39. Kf3 Kc6 40. Ke4 h5 41. Ke5 g5 42. Kf5 g4 43. Kg5 Kb6 44. Kxh5 Ka5 45. Kxg4 Kxa4 46. Kf4 1-0

[Event "Crema op 09th"]
[Site "Crema"]
[Date "2007.09.09"]
[Round "6"]
[White "Madaschi, Sergio"]
[Black "Milanesi, Erminio"]
[Result "1/2-1/2"]
[WhiteElo "1469"]
[BlackElo "1862"]
[PlyCount "44"]
[EventDate "2007.09.07"]
[EventType "swiss"]
[EventRounds "6"]
[EventCountry "ITA"]
[SourceTitle "EXT 2009"]
[Source "ChessBase"]
[SourceDate "2008.11.26"]
[SourceVersion "1"]
[SourceVersionDate "2008.11.26"]
[SourceQuality "1"]

1. e4 g6 2. d4 Nh6 3. Nf3 f6 4. Bc4 e6 5. Nc3 Nf7 6. Be3 d6 7. Qe2 Bg7 8. 0-0 0-0 9. Rad1 c6 10. h3 d5 11. Bb3 b6 12. Rfe1 Na6 13. Bf4 e5 14. Bg3 exd4 15. Nxd4 Nb4 16. a3 c5 17. axb4 cxd4 18. Rxd4 Bb7 19. exd5 f5 20. Rd2 Bh6 21. Rd4 Bg7 22. Rd2 Bh6 1/2-1/2

[Event "Ceriano Laghetto op-B"]
[Site "Ceriano Laghetto"]
[Date "2007.04.01"]
[Round "5"]
[White "Milanesi, Erminio"]
[Black "Cardani, Roberto"]
[Result "0-1"]
[WhiteElo "1878"]
[BlackElo "1887"]
[PlyCount "101"]
[EventDate "2007.03.30"]
[EventType "swiss"]
[EventRounds "5"]
[EventCountry "ITA"]
[SourceTitle "EXT 2008"]
[Source "ChessBase"]
[SourceDate "2007.11.25"]
[SourceVersion "1"]
[SourceVersionDate "2007.11.25"]
[SourceQuality "1"]

1. e4 c5 2. d3 Nc6 3. g3 g6 4. Bg2 Bg7 5. Nh3 d6 6. 0-0 e6 7. c3 Nge7 8. Be3 Rb8 9. Qd2 b5 10. Bh6 0-0 11. Bxg7 Kxg7 12. Na3 Bd7 13. f3 f5 14. Nc2 e5 15. Nf2 b4 16. cxb4 Nxb4 17. Nxb4 Rxb4 18. Rfc1 Qb6 19. b3 a5 20. Rc4 Nc6 21. exf5 Bxf5 22. Ng4 Bxg4 23. fxg4 Nd4 24. Rf1 Qd8 25. Rxf8 Qxf8 26. Rxb4 axb4 27. Qe3 Nb5 28. h4 Nc3 29. Qd2 Qf7 30. h5 gxh5 31. Qg5+ Qg6 32. Qe7+ Kh6 33. g5+ Qxg5 34. Qxd6+ Kg7 35. Qxc5 Ne2+ 36. Kf2 Qxg3+ 37. Kxe2 Qxg2+ 38. Ke1 Qg3+ 39. Ke2 Qf4 40. Qe7+ Kg6 41. Qe6+ Kg5 42. Qg8+ Kh4 43. Qxh7 Qg4+ 44. Kf2 Kh3 45. Qh8 Qd4+ 46. Ke2 h4 47. Qf6 Qg4+ 48. Ke1 Qf4 49. Qc6 Qe3+ 50. Kf1 Qxd3+ 51. Kf2 0-1

[Event "Bratto Martesana op"]
[Site "Bratto"]
[Date "2006.11.12"]
[Round "2"]
[White "Olivo, Mario"]
[Black "Milanesi, Erminio"]
[Result "1/2-1/2"]
[WhiteElo "1954"]
[BlackElo "1879"]
[PlyCount "92"]
[EventDate "2006.11.11"]
[EventType "swiss"]
[EventRounds "6"]
[EventCountry "ITA"]
[SourceTitle "EXT 2008"]
[Source "ChessBase"]
[SourceDate "2007.11.25"]
[SourceVersion "1"]
[SourceVersionDate "2007.11.25"]
[SourceQuality "1"]

1. c4 g6 2. Nc3 Nh6 3. g3 f6 4. Bg2 c6 5. e4 Nf7 6. Nge2 Bg7 7. 0-0 0-0 8. b3 Na6 9. Bb2 Nc7 10. d4 d6 11. Qc2 e5 12. Rad1 Qe7 13. Ba3 c5 14. dxc5 dxc5 15. Nd5 Nxd5 16. Rxd5 b6 17. Bc1 Be6 18. Rd3 Rad8 19. Rfd1 Rxd3 20. Rxd3 Rd8 21. Nc3 Rxd3 22. Qxd3 Nd8 23. Nd5 Qd7 24. f4 Nc6 25. a3 Nd4 26. Be3 h6 27. fxe5 fxe5 28. Bxh6 Bxd5 29. Bxg7 Bxc4 30. Qxc4+ Kxg7 31. b4 Ne6 32. bxc5 Nxc5 33. Qd5 Qxd5 34. exd5 Kf6 35. Kf2 b5 36. Ke3 a5 37. Kd2 b4 38. axb4 axb4 39. Bh3 Ne4+ 40. Kc2 Nc5 41. Bc8 e4 42. d6 e3 43. Bg4 g5 44. h4 gxh4 45. gxh4 Ne4 46. Kb3 Ng3 1/2-1/2

[Event "Padova op 8th"]
[Site "Padova"]
[Date "2005.12.17"]
[Round "8"]
[White "Milanesi, Erminio"]
[Black "Rosina, Graziano"]
[Result "0-1"]
[WhiteElo "1616"]
[BlackElo "1509"]
[PlyCount "84"]
[EventDate "2005.12.10"]
[EventType "swiss"]
[EventRounds "9"]
[EventCountry "ITA"]
[SourceTitle "EXT 2008"]
[Source "ChessBase"]
[SourceDate "2007.11.25"]
[SourceVersion "1"]
[SourceVersionDate "2007.11.25"]
[SourceQuality "1"]

1. e4 e5 2. Nf3 Nf6 3. Nc3 Nc6 4. d3 Bb4 5. a3 Bxc3+ 6. bxc3 d6 7. h3 0-0 8. Bg5 Qe7 9. Be2 Nd8 10. Qd2 Ne6 11. 0-0 h6 12. Bxh6 gxh6 13. Qxh6 Nh7 14. Qe3 Nf4 15. d4 f6 16. Bc4+ Be6 17. Bxe6+ Qxe6 18. Kh2 Kf7 19. Nh4 Rh8 20. Nf5 Ng5 21. d5 Qe8 22. h4 Qg8 23. g3 Ng6 24. Kg2 Nxe4 25. Qxe4 Rh5 26. Rh1 Ne7 27. Nxe7 Kxe7 28. c4 f5 29. Qe2 Qg6 30. f4 e4 31. Qe3 b6 32. a4 a5 33. Rab1 Rg8 34. Kf2 Rh7 35. Rb3 Qe8 36. Ra3 Rg4 37. Qc3 Qg6 38. Qb3 Kd8 39. Qb5 Qg7 40. Rd1 Rhxh4 41. gxh4 Rxf4+ 42. Ke1 Qg2 0-1

[Event "Padova op 8th"]
[Site "Padova"]
[Date "2005.12.14"]
[Round "5"]
[White "Milanesi, Erminio"]
[Black "Belloni, Umberto"]
[Result "0-1"]
[WhiteElo "1616"]
[BlackElo "1910"]
[PlyCount "102"]
[EventDate "2005.12.10"]
[EventType "swiss"]
[EventRounds "9"]
[EventCountry "ITA"]
[SourceTitle "EXT 2008"]
[Source "ChessBase"]
[SourceDate "2007.11.25"]
[SourceVersion "1"]
[SourceVersionDate "2007.11.25"]
[SourceQuality "1"]

1. e4 e6 2. d3 d5 3. Nd2 Nf6 4. g3 dxe4 5. Nxe4 Nxe4 6. dxe4 Qxd1+ 7. Kxd1 Bc5 8. Ke2 b6 9. Be3 Nd7 10. Bxc5 Nxc5 11. f3 Bb7 12. b3 0-0-0 13. Rd1 Rxd1 14. Kxd1 Nxe4 15. Ke1 Nc3 16. a4 Rd8 17. Bd3 h6 18. Kf2 Nd1+ 19. Ke1 Nb2 20. Be2 c5 21. Nh3 c4 22. Nf2 cxb3 23. cxb3 Bd5 24. Nd1 Nxd1 25. Bxd1 Kd7 26. Rf1 Rc8 27. Kd2 Rc5 28. f4 Be4 29. Rf2 Kd6 30. Ke3 Bg6 31. Rb2 Rc3+ 32. Kd2 Rd3+ 33. Ke2 Rd4 34. Rd2 Bh5+ 35. Ke3 Rxd2 36. Kxd2 Bxd1 37. Kxd1 Kc5 38. Kc2 f6 39. Kc3 a5 40. h4 e5 41. fxe5 fxe5 42. h5 e4 43. g4 Kd5 44. b4 axb4+ 45. Kxb4 Kd4 46. Kb5 e3 47. Kxb6 e2 48. a5 e1Q 49. a6 Qe4 50. a7 Ke3 51. Kc7 Qa8 0-1

[Event "Padova op 8th"]
[Site "Padova"]
[Date "2005.12.10"]
[Round "1"]
[White "Milanesi, Erminio"]
[Black "Gallo, Enrico"]
[Result "0-1"]
[WhiteElo "1616"]
[BlackElo "2113"]
[PlyCount "43"]
[EventDate "2005.12.10"]
[EventType "swiss"]
[EventRounds "9"]
[EventCountry "ITA"]
[SourceTitle "EXT 2008"]
[Source "ChessBase"]
[SourceDate "2007.11.25"]
[SourceVersion "1"]
[SourceVersionDate "2007.11.25"]
[SourceQuality "1"]

1. e4 c5 2. d3 e6 3. g3 d5 4. Nd2 Nc6 5. Nh3 Nf6 6. f3 Bd6 7. Nf2 e5 8. Bg2 d4 9. 0-0 b5 10. c4 dxc3 11. bxc3 Be6 12. Nb3 Qc7 13. Bg5 Nd7 14. Nh3 c4 15. dxc4 bxc4 16. Nc1 Bc5+ 17. Kh1 f6 18. Bd2 Nb6 19. f4 Rd8 20. Qc2 Qd7 21. Be1 Bxh3 22. Bxh3 0-1

[Event "Turin Piemonte op 6th"]
[Site "Turin"]
[Date "2005.11.27"]
[Round "8"]
[White "Milanesi, Erminio"]
[Black "Diana, Riccardo"]
[Result "0-1"]
[WhiteElo "1616"]
[BlackElo "2096"]
[PlyCount "76"]
[EventDate "2005.11.18"]
[EventType "swiss"]
[EventRounds "9"]
[EventCountry "ITA"]
[SourceTitle "EXT 2007"]
[Source "ChessBase"]
[SourceDate "2006.11.23"]
[SourceVersion "1"]
[SourceVersionDate "2006.11.23"]
[SourceQuality "1"]

1. e4 e5 2. d3 Nc6 3. g3 Nf6 4. c3 d5 5. Nd2 dxe4 6. Nxe4 Nxe4 7. dxe4 Qxd1+ 8. Kxd1 Bc5 9. Ke2 Be6 10. Be3 Be7 11. Bh3 Bc4+ 12. Ke1 0-0 13. Bf1 Bxf1 14. Kxf1 f5 15. exf5 Rxf5 16. Ke2 Bd6 17. Nf3 h6 18. Nh4 Rf7 19. Rhf1 Re8 20. Rad1 Kh7 21. f3 a6 22. b3 Ref8 23. Ng2 g5 24. h4 Kg6 25. g4 Re8 26. Rd5 Ref8 27. Rdd1 Nd8 28. h5+ Kh7 29. Rf2 Ne6 30. b4 Ng7 31. Ne1 Ne8 32. a3 Nf6 33. Kd3 Nxg4 34. Rg2 Nf6 35. c4 Re8 36. c5 Bf8 37. Kc4 c6 38. Rgd2 e4 0-1

[Event "Turin Piemonte op 6th"]
[Site "Turin"]
[Date "2005.11.25"]
[Round "5"]
[White "Pettorusso, Aldo"]
[Black "Milanesi, Erminio"]
[Result "0-1"]
[WhiteElo "1634"]
[BlackElo "1616"]
[PlyCount "50"]
[EventDate "2005.11.18"]
[EventType "swiss"]
[EventRounds "9"]
[EventCountry "ITA"]
[SourceTitle "EXT 2007"]
[Source "ChessBase"]
[SourceDate "2006.11.23"]
[SourceVersion "1"]
[SourceVersionDate "2006.11.23"]
[SourceQuality "1"]

1. e4 g6 2. d4 Nh6 3. Nf3 f6 4. Bc4 e6 5. 0-0 Nf7 6. Qe2 Bg7 7. Nc3 0-0 8. Rd1 c6 9. d5 Qe7 10. Be3 d6 11. a4 cxd5 12. exd5 e5 13. Nd2 f5 14. f3 a6 15. Bb3 Nd7 16. a5 Nf6 17. Na4 Bd7 18. Nb6 Rad8 19. c4 g5 20. c5 f4 21. cxd6 Qxd6 22. Ndc4 Qb4 23. Bc2 fxe3 24. Qxe3 e4 25. Ra4 Bxa4 0-1